000 01221nam a22003737a 4500
001 0073577
003 KOHA_MİRAKIL
005 20260207005144.0
007 ta
008 250418b1995 tu |||gr||||#0|||1|tur |
020 _a9754371679
040 _aTR-BiSEU
_btur
_cTR-BiSEU
_erda
041 0 _atur
044 _ctu
050 _aPL28.2
_b.D46 1995
100 1 _aDemirel, Hamide.
245 1 _aTürk destanlarında güzellik-destan-masal ve din unsurları ile yabancı destanlarda Türk kahramanları/
_cHamide Demirel ; Hamide Demirel.
264 1 _aİstanbul :
_bÖtüken Neşriyat
_c1995
300 _a154 sayfa ;
_c20 cm.
336 _ametin
_btxt
_2rdacontent
337 _aaracısız
_bn
_2rdamedia
338 _acilt
_bnc
_2rdacarrier
490 1 _aYayın nu ;
_v311.
490 1 _aKültür serisi ;
_v96
500 _aKaynakça var.
650 0 _aEdebiyatta kahramanlar.
_9148401
650 0 _aDestansı şiir, Türk--Tarih ve eleştiri.
_9148402
650 0 _aHeroes in literature.
_945771
650 0 _aEpic poetry, Turkic--History and criticism.
_928157
830 1 _aYayın nu ;
_v311.
_99059
830 1 _aKültür serisi ;
_v96
_95523
907 _aDil ve Edebiyat
942 _2lcc
_cBK
999 _c74331
_d74331